000 00515nam a2200193Ia 4500
005 20230221151524.0
008 131103s9999 xx 000 0 und d
040 _aLoreto College
041 _aEnglish
082 _a821.01
_bBAT
100 _aBateson, F. W.
245 _aEnglish poetry
_b a critical introduction
_cF. W. Bateson
260 _aLondon
_bLongmans
_c1968
300 _ax,205p.
504 _aIncludes index
650 _aEnglish Poetry - History and Criticism
850 _aLCLIB
942 _cBK
999 _c13010
_d63489